[Event "HUN-chT2 Breyer 1718"]
[Site "Hungary"]
[Date "2017.10.29"]
[Round "3.11"]
[White "Csetneki, Mark"]
[Black "Csajaghy, Levente"]
[Result "1-0"]
[WhiteElo "1726"]
[BlackElo "1469"]
[PlyCount "59"]
[EventDate "2017.09.24"]
[EventType "team-tourn"]
[EventRounds "11"]
[EventCountry "HUN"]
[SourceTitle "EXT 2021"]
[Source "ChessBase"]
[SourceDate "2020.10.23"]
[SourceVersion "1"]
[SourceVersionDate "2020.10.23"]
[SourceQuality "1"]
[WhiteTeam "Budapest HASE"]
[BlackTeam "Tatabanya Turul"]
[WhiteTeamCountry "HUN"]
[BlackTeamCountry "HUN"]

1. d4 Nf6 2. c4 g6 3. Nc3 Bg7 4. e4 d6 5. Bd3 e5 6. d5 0-0 7. Nge2 Ne8 8. 0-0 h5 9. Be3 g5 10. Qd2 g4 11. Ng3 h4 12. Nh5 c6 13. Bg5 Bf6 14. Bxf6 Qd7 15. Qg5+ Kh7 16. Bg7 f6 17. Qh6+ Kg8 18. Qh8+ Kf7 19. Qxf8+ Kg6 20. Nxf6 Qxg7 21. Qxe8+ Kxf6 22. Qxc8 h3 23. Qe6+ Kg5 24. g3 Na6 25. f4+ exf4 26. Qf5+ Kh6 27. Qxf4+ Kh7 28. e5+ Kg8 29. e6 Qe7 30. Qxg4+ 1-0

[Event "HUN-chT2 Erkel 1516"]
[Site "Hungary"]
[Date "2016.04.17"]
[Round "11.12"]
[White "Csetneki, Mark"]
[Black "Birovecz, Ben Jordan"]
[Result "1/2-1/2"]
[WhiteElo "1797"]
[BlackElo "1543"]
[PlyCount "44"]
[EventDate "2015.09.13"]
[EventType "team-tourn"]
[EventRounds "11"]
[EventCountry "HUN"]
[SourceTitle "EXT 2017"]
[Source "ChessBase"]
[SourceDate "2016.10.25"]
[SourceVersion "1"]
[SourceVersionDate "2016.10.25"]
[SourceQuality "1"]
[WhiteTeam "HASE"]
[BlackTeam "MAFC"]
[WhiteTeamCountry "HUN"]
[BlackTeamCountry "HUN"]

1. d4 d5 2. c4 e6 3. Nc3 c5 4. e3 Nc6 5. Nf3 Nf6 6. Be2 a6 7. a4 Be7 8. 0-0 0-0 9. b3 Re8 10. Ne5 dxc4 11. bxc4 Qc7 12. Nxc6 Qxc6 13. Bf3 Qc7 14. d5 Bd6 15. h3 exd5 16. Nxd5 Nxd5 17. cxd5 Bf5 18. Bb2 Rad8 19. Re1 c4 20. e4 Bc8 21. Qc2 b5 22. a5 Be5 1/2-1/2

[Event "HUN-chT2 Erkel 1516"]
[Site "Hungary"]
[Date "2016.02.14"]
[Round "7.12"]
[White "Biro, Mate"]
[Black "Csetneki, Mark"]
[Result "1/2-1/2"]
[WhiteElo "1505"]
[BlackElo "1797"]
[PlyCount "50"]
[EventDate "2015.09.13"]
[EventType "team-tourn"]
[EventRounds "11"]
[EventCountry "HUN"]
[SourceTitle "EXT 2017"]
[Source "ChessBase"]
[SourceDate "2016.10.25"]
[SourceVersion "1"]
[SourceVersionDate "2016.10.25"]
[SourceQuality "1"]
[WhiteTeam "Salgotarjan"]
[BlackTeam "HASE"]
[WhiteTeamCountry "HUN"]
[BlackTeamCountry "HUN"]

1. e4 e5 2. Nf3 Nc6 3. Bc4 Bc5 4. c3 Qf6 5. d3 Nge7 6. Nbd2 0-0 7. 0-0 d6 8. h3 Ng6 9. Nb3 Bb6 10. Bg5 Qf4 11. Bxf4 Nxf4 12. Qd2 Kh8 13. Rfe1 f5 14. d4 fxe4 15. Nh2 d5 16. Bb5 Ne7 17. Nf1 c6 18. Be2 Neg6 19. Ne3 Nh4 20. Kh2 Bc7 21. Kg1 Nhxg2 22. Nxg2 Nxh3+ 23. Kh1 Nxf2+ 24. Kg1 Nh3+ 25. Kh1 Nf2+ 1/2-1/2

[Event "HUN-chT U18"]
[Site "Budapest"]
[Date "2015.08.29"]
[Round "7.12"]
[White "Karacsonyi, Gellert"]
[Black "Csetneki, Mark"]
[Result "1-0"]
[WhiteElo "2013"]
[BlackElo "1873"]
[PlyCount "65"]
[EventDate "2015.08.26"]
[EventType "team-swiss"]
[EventRounds "8"]
[EventCountry "HUN"]
[SourceTitle "EXT 2016"]
[Source "ChessBase"]
[SourceDate "2015.10.08"]
[SourceVersion "1"]
[SourceVersionDate "2015.10.08"]
[SourceQuality "1"]

1. e4 e5 2. Nf3 Nc6 3. Bb5 a6 4. Bxc6 bxc6 5. 0-0 d6 6. c3 Nf6 7. d4 Bg4 8. dxe5 Bxf3 9. Qxf3 dxe5 10. Rd1 Qb8 11. Nd2 Bd6 12. Nc4 h6 13. Qf5 Qc8 14. Nxd6+ cxd6 15. Rxd6 Qxf5 16. exf5 Rd8 17. Rxd8+ Kxd8 18. Be3 Kc7 19. Rd1 Ne4 20. f3 Nd6 21. g4 Nc4 22. Bc1 f6 23. b3 Nd6 24. Ba3 Rd8 25. Bxd6+ Rxd6 26. Rxd6 Kxd6 27. Kf2 Kd5 28. Ke3 a5 29. a3 c5 30. c4+ Kc6 31. Kd3 Kd6 32. Kc3 Kc6 33. b4 1-0

[Event "HUN-chT U18"]
[Site "Budapest"]
[Date "2015.08.28"]
[Round "4.48"]
[White "Csetneki, Mark"]
[Black "Wallis, Janos"]
[Result "1-0"]
[WhiteElo "1873"]
[BlackElo "1350"]
[PlyCount "55"]
[EventDate "2015.08.26"]
[EventType "team-swiss"]
[EventRounds "8"]
[EventCountry "HUN"]
[SourceTitle "EXT 2016"]
[Source "ChessBase"]
[SourceDate "2015.10.08"]
[SourceVersion "1"]
[SourceVersionDate "2015.10.08"]
[SourceQuality "1"]

1. d4 d5 2. c4 Nf6 3. Nc3 e6 4. Nf3 Nc6 5. e3 Bd6 6. c5 Be7 7. a3 0-0 8. b4 a6 9. Bd3 b6 10. Rb1 bxc5 11. bxc5 Rb8 12. Rxb8 Nxb8 13. Ne5 Qe8 14. f4 Nc6 15. Qe2 Nxe5 16. fxe5 Nd7 17. Bxa6 Nb8 18. Bb5 Bd7 19. Bd3 f6 20. 0-0 fxe5 21. Rxf8+ Qxf8 22. a4 exd4 23. exd4 Bxc5 24. dxc5 Qxc5+ 25. Qe3 Qxc3 26. Bxh7+ Kxh7 27. Qxc3 Bxa4 28. Bb2 1-0

[Event "HUN-chT U18"]
[Site "Budapest"]
[Date "2015.08.27"]
[Round "2.24"]
[White "Csetneki, Mark"]
[Black "Csendi, Balazs"]
[Result "0-1"]
[WhiteElo "1873"]
[BlackElo "1885"]
[PlyCount "36"]
[EventDate "2015.08.26"]
[EventType "team-swiss"]
[EventRounds "8"]
[EventCountry "HUN"]
[SourceTitle "EXT 2016"]
[Source "ChessBase"]
[SourceDate "2015.10.08"]
[SourceVersion "1"]
[SourceVersionDate "2015.10.08"]
[SourceQuality "1"]

1. d4 Nf6 2. c4 c5 3. d5 e6 4. Nc3 exd5 5. cxd5 d6 6. e4 a6 7. a4 g6 8. Bc4 Bg7 9. Nge2 0-0 10. 0-0 Re8 11. Bg5 Nbd7 12. f4 Qc7 13. Bxf6 Nxf6 14. Ng3 Ng4 15. Qe2 Bd4+ 16. Kh1 Qe7 17. Rf3 Nxh2 18. Nf5 Bxf5 0-1

[Event "HUN-chT2 Erkel 1314"]
[Site "Hungary"]
[Date "2014.02.16"]
[Round "7.11"]
[White "Csetneki, Mark"]
[Black "Takacs, Tamas2222"]
[Result "1-0"]
[WhiteElo "1842"]
[BlackElo "1527"]
[PlyCount "49"]
[EventDate "2013.09.08"]
[EventType "team-tourn"]
[EventRounds "11"]
[EventCountry "HUN"]
[SourceTitle "EXT 2016"]
[Source "ChessBase"]
[SourceDate "2015.10.08"]
[SourceVersion "1"]
[SourceVersionDate "2015.10.08"]
[SourceQuality "1"]
[WhiteTeam "Budapest Honved"]
[BlackTeam "Pestszentlorinc"]
[WhiteTeamCountry "HUN"]
[BlackTeamCountry "HUN"]

1. d4 d5 2. c4 e6 3. Nc3 Nf6 4. Nf3 Bb4 5. e3 0-0 6. Bd2 Bd7 7. Be2 Nc6 8. 0-0 h6 9. a3 Bxc3 10. Bxc3 Ne4 11. Qc2 Nxc3 12. Qxc3 Ne7 13. b4 Re8 14. a4 Ng6 15. Rfc1 c6 16. c5 Qf6 17. Bd3 Rad8 18. Bxg6 Qxg6 19. Ne5 Qg5 20. Nxd7 Rxd7 21. b5 Rc7 22. Qa5 Rce7 23. Qxa7 e5 24. dxe5 Rxe5 25. f4 1-0

[Event "HUN-chT2 Erkel 1314"]
[Site "Hungary"]
[Date "2013.09.22"]
[Round "2.12"]
[White "Szviridova, Polina"]
[Black "Csetneki, Mark"]
[Result "1/2-1/2"]
[WhiteElo "1531"]
[BlackElo "1842"]
[PlyCount "119"]
[EventDate "2013.09.08"]
[EventType "team-tourn"]
[EventRounds "11"]
[EventCountry "HUN"]
[SourceTitle "EXT 2016"]
[Source "ChessBase"]
[SourceDate "2015.10.08"]
[SourceVersion "1"]
[SourceVersionDate "2015.10.08"]
[SourceQuality "1"]
[WhiteTeam "Fot"]
[BlackTeam "Budapest Honved"]
[WhiteTeamCountry "HUN"]
[BlackTeamCountry "HUN"]

1. d4 d5 2. c4 c6 3. Nc3 Nf6 4. Bf4 e6 5. Nf3 Nbd7 6. e3 Be7 7. Bd3 dxc4 8. Bxc4 b5 9. Bd3 a6 10. 0-0 c5 11. Ne4 c4 12. Nxf6+ Nxf6 13. Bc2 Bb7 14. Ne5 0-0 15. b3 c3 16. Re1 h6 17. e4 Qb6 18. Re3 Rad8 19. Rxc3 Rxd4 20. Qf3 Bxe4 21. Bxe4 Rxe4 22. Nd7 Qd4 23. Nxf8 Rxf4 24. Nxe6 fxe6 25. Qd3 Qxf2+ 26. Kh1 Kf7 27. Rcc1 Rd4 28. Rf1 Qxg2+ 29. Kxg2 Rxd3 30. Rfc1 Rd2+ 31. Kg1 e5 32. Rc6 Rd6 33. Rac1 Ke6 34. Kg2 g5 35. Kf3 h5 36. h3 Nd5 37. a3 Nf4 38. Ke4 Nxh3 39. R1c5 Nf2+ 40. Kf3 Ng4 41. a4 bxa4 42. bxa4 Nf6 43. Rxd6+ Bxd6 44. Ra5 Kf5 45. Rxa6 Bc5 46. Rc6 Bd4 47. a5 h4 48. a6 g4+ 49. Kg2 e4 50. Rc4 Be3 51. Rc3 h3+ 52. Kh2 Nd5 53. Rxe3 Nxe3 54. a7 Nf1+ 55. Kh1 e3 56. a8Q e2 57. Qf8+ Kg5 58. Qe8 g3 59. Qxe2 g2+ 60. Qxg2+ 1/2-1/2

[Event "HUN-chT2 Erkel 1314"]
[Site "Hungary"]
[Date "2013.09.08"]
[Round "1.12"]
[White "Csetneki, Mark"]
[Black "Marton, Denes"]
[Result "1-0"]
[WhiteElo "1842"]
[BlackElo "1570"]
[PlyCount "47"]
[EventDate "2013.09.08"]
[EventType "team-tourn"]
[EventRounds "11"]
[EventCountry "HUN"]
[SourceTitle "EXT 2016"]
[Source "ChessBase"]
[SourceDate "2015.10.08"]
[SourceVersion "1"]
[SourceVersionDate "2015.10.08"]
[SourceQuality "1"]
[WhiteTeam "Budapest Honved"]
[BlackTeam "Budapest EAC II"]
[WhiteTeamCountry "HUN"]
[BlackTeamCountry "HUN"]

1. d4 Nf6 2. c4 g6 3. Nc3 Bg7 4. e4 d6 5. Bd3 0-0 6. Nge2 e5 7. d5 Ne8 8. 0-0 f5 9. exf5 gxf5 10. f4 e4 11. Bc2 Nf6 12. Be3 Nbd7 13. Qd2 Ng4 14. Bd4 Qh4 15. h3 Ndf6 16. Qe1 Qxe1 17. Rfxe1 Nh6 18. b4 Nd7 19. Nb5 Bxd4+ 20. Nexd4 c5 21. dxc6 bxc6 22. Nxc6 Bb7 23. Na5 Bc8 24. Nxd6 1-0

[Event "Budapest FS04 FM-A"]
[Site "Budapest"]
[Date "2013.04.12"]
[Round "6"]
[White "Csetneki, Mark"]
[Black "Steer, Jozsef"]
[Result "1/2-1/2"]
[WhiteElo "1845"]
[BlackElo "2168"]
[PlyCount "26"]
[EventDate "2013.04.06"]
[EventType "tourn"]
[EventRounds "9"]
[EventCountry "HUN"]
[SourceTitle "CBM 154 Extra"]
[Source "ChessBase"]
[SourceDate "2013.06.25"]
[SourceVersion "2"]
[SourceVersionDate "2013.06.25"]
[SourceQuality "1"]

1. d4 d5 2. c4 c6 3. cxd5 cxd5 4. Nf3 Nc6 5. Nc3 a6 6. Bf4 Nf6 7. e3 Bg4 8. Rc1 e6 9. a3 Bd6 10. Bg3 Bxg3 11. hxg3 Rc8 12. Qd2 Bxf3 13. gxf3 b5 1/2-1/2

[Event "Budapest FS04 FM-A"]
[Site "Budapest"]
[Date "2013.04.10"]
[Round "5"]
[White "Bartha, Sandor"]
[Black "Csetneki, Mark"]
[Result "1-0"]
[WhiteElo "2158"]
[BlackElo "1845"]
[PlyCount "85"]
[EventDate "2013.04.06"]
[EventType "tourn"]
[EventRounds "9"]
[EventCountry "HUN"]
[SourceTitle "CBM 154 Extra"]
[Source "ChessBase"]
[SourceDate "2013.06.25"]
[SourceVersion "2"]
[SourceVersionDate "2013.06.25"]
[SourceQuality "1"]

1. d4 d5 2. Nf3 Nf6 3. c4 c6 4. e3 Bg4 5. Nbd2 e6 6. Be2 Bxf3 7. Nxf3 Nbd7 8. 0-0 Bd6 9. b3 Ne4 10. Bb2 f5 11. Ne5 Nxe5 12. dxe5 Bc5 13. Qc2 Qb6 14. a3 a5 15. b4 Be7 16. c5 Qd8 17. f3 Ng5 18. Bc3 0-0 19. h4 Nf7 20. g3 g5 21. hxg5 Nxg5 22. Kg2 Rf7 23. Rh1 Rg7 24. Bd4 Qe8 25. Rag1 Qf8 26. b5 Rg6 27. bxc6 bxc6 28. Qa4 Bxc5 29. Qxc6 Bxd4 30. exd4 Rc8 31. Qa6 Ra8 32. Qd3 a4 33. Rb1 Rc8 34. Rhc1 Rxc1 35. Rxc1 Nh3 36. Qd2 Ng5 37. Ba6 Qxa3 38. Qc3 Qa2+ 39. Rc2 Qb1 40. Bd3 Qd1 41. Be2 Qb1 42. Rb2 Ne4 43. Qc8+ 1-0

[Event "Budapest FS04 FM-A"]
[Site "Budapest"]
[Date "2013.04.09"]
[Round "4"]
[White "Csetneki, Mark"]
[Black "Lim, Kian Hwa"]
[Result "1/2-1/2"]
[WhiteElo "1845"]
[BlackElo "1882"]
[PlyCount "76"]
[EventDate "2013.04.06"]
[EventType "tourn"]
[EventRounds "9"]
[EventCountry "HUN"]
[SourceTitle "CBM 154 Extra"]
[Source "ChessBase"]
[SourceDate "2013.06.25"]
[SourceVersion "2"]
[SourceVersionDate "2013.06.25"]
[SourceQuality "1"]

1. d4 d5 2. c4 e6 3. Nc3 Nf6 4. cxd5 exd5 5. Bg5 Nbd7 6. e3 Be7 7. Qc2 0-0 8. Bd3 c6 9. Nf3 Re8 10. 0-0 Nf8 11. Bh4 Ne4 12. Bxe7 Qxe7 13. Rab1 Ng6 14. Ne2 Bg4 15. Nd2 Qg5 16. Ng3 f5 17. f4 Qh6 18. Ndxe4 fxe4 19. Be2 Bd7 20. Qd2 Nh4 21. Rf2 Rf8 22. b4 Rf7 23. Qd1 Raf8 24. Bg4 Bxg4 25. Qxg4 Nf5 26. Nxf5 Rxf5 27. a4 Qf6 28. Qe2 Kh8 29. g4 Qg6 30. Rg2 R5f7 31. g5 b6 32. Rc1 Qd6 33. Qe1 Rc7 34. a5 c5 35. axb6 axb6 36. Rgc2 Rfc8 37. bxc5 bxc5 38. dxc5 Qd7 1/2-1/2

[Event "Budapest FS04 FM-A"]
[Site "Budapest"]
[Date "2013.04.07"]
[Round "2"]
[White "Csetneki, Mark"]
[Black "Gal, Hanna Krisztina"]
[Result "1/2-1/2"]
[WhiteElo "1845"]
[BlackElo "2075"]
[PlyCount "99"]
[EventDate "2013.04.06"]
[EventType "tourn"]
[EventRounds "9"]
[EventCountry "HUN"]
[SourceTitle "CBM 154 Extra"]
[Source "ChessBase"]
[SourceDate "2013.06.25"]
[SourceVersion "2"]
[SourceVersionDate "2013.06.25"]
[SourceQuality "1"]

1. d4 d5 2. c4 e6 3. Nc3 c5 4. cxd5 exd5 5. Nf3 Nc6 6. g3 Nf6 7. Bg2 Be7 8. 0-0 0-0 9. dxc5 Bxc5 10. Na4 Bd6 11. Nd4 Re8 12. Nc3 Nxd4 13. Qxd4 Be5 14. Qd3 d4 15. Rd1 Qb6 16. Ne4 Bd7 17. a4 Bc6 18. Nxf6+ Bxf6 19. Bxc6 Qxc6 20. b4 Qc3 21. Bd2 Qxd3 22. exd3 Rac8 23. Rac1 Kf8 24. Kf1 Ke7 25. Rc4 Kd7 26. Bc1 Rxc4 27. dxc4 Rc8 28. c5 Kc6 29. Ke2 Kd5 30. Bd2 a5 31. Kd3 axb4 32. Rb1 Rxc5 33. Rxb4 Kc6 34. g4 h6 35. Rb1 Bd8 36. Rc1 Rxc1 37. Bxc1 Kd5 38. Bb2 Bf6 39. f3 Kc5 40. Ba3+ Kb6 41. Bb4 Kc6 42. Kc4 g5 43. Bf8 Kb6 44. Bb4 Bg7 45. Kd3 Be5 46. h3 Bg7 47. Kc4 Kc6 48. Ba3 Kd7 49. Bb4 Kc6 50. Ba3 1/2-1/2

[Event "Budapest-chT1 Lilienthal 1213"]
[Site "Budapest"]
[Date "2013.03.10"]
[Round "9"]
[White "Kiss, Martin"]
[Black "Csetneki, Mark"]
[Result "1-0"]
[WhiteElo "1819"]
[BlackElo "1835"]
[PlyCount "79"]
[EventDate "2012.09.30"]
[EventType "team-tourn"]
[EventRounds "11"]
[EventCountry "HUN"]
[SourceTitle "EXT 2019"]
[Source "ChessBase"]
[SourceDate "2018.10.10"]
[SourceVersion "1"]
[SourceVersionDate "2018.10.10"]
[SourceQuality "1"]
[WhiteTeam "Budapest SENSE"]
[BlackTeam "Budapest Honved"]
[WhiteTeamCountry "HUN"]
[BlackTeamCountry "HUN"]

1. e4 e5 2. Nf3 Nc6 3. c3 g6 4. d4 exd4 5. cxd4 d6 6. Bc4 Bg7 7. Qb3 Qe7 8. 0-0 Nh6 9. Re1 0-0 10. Bg5 Qd7 11. h3 Na5 12. Qb4 Nxc4 13. Qxc4 b5 14. Qc1 Ng4 15. hxg4 Qxg4 16. Qxc7 h5 17. Be7 Re8 18. Nc3 Bd7 19. Qxd6 Rac8 20. Nh2 Qe6 21. Qxe6 Bxe6 22. Bc5 a6 23. Nf3 f6 24. Rad1 g5 25. b4 Bd7 26. Nd5 Kf7 27. Nb6 Rcd8 28. Nxd7 Rxd7 29. a3 Kg6 30. e5 Rd5 31. exf6 Rxe1+ 32. Rxe1 Kxf6 33. Ne5 Kf5 34. Nc6 Kf6 35. Nb8 Kf5 36. Nxa6 Bxd4 37. Nc7 Rd7 38. Bxd4 Rxc7 39. Re5+ Kg4 40. Rxb5 1-0

[Event "Budapest-chT1 Lilienthal 1213"]
[Site "Budapest"]
[Date "2013.01.20"]
[Round "6"]
[White "Csetneki, Mark"]
[Black "Farkas, Akos"]
[Result "1/2-1/2"]
[WhiteElo "1835"]
[BlackElo "1838"]
[PlyCount "95"]
[EventDate "2012.09.30"]
[EventType "team-tourn"]
[EventRounds "11"]
[EventCountry "HUN"]
[SourceTitle "EXT 2019"]
[Source "ChessBase"]
[SourceDate "2018.10.10"]
[SourceVersion "1"]
[SourceVersionDate "2018.10.10"]
[SourceQuality "1"]
[WhiteTeam "Budapest Honved"]
[BlackTeam "Sarkany II"]
[WhiteTeamCountry "HUN"]
[BlackTeamCountry "HUN"]

1. d4 Nf6 2. c4 g6 3. Nc3 d6 4. e4 Nbd7 5. Nge2 Bg7 6. Ng3 0-0 7. Be3 e5 8. d5 h5 9. Bd3 h4 10. Nge2 Ng4 11. Bd2 Qf6 12. 0-0 Nc5 13. Bc2 h3 14. gxh3 Nh6 15. Ng3 Bxh3 16. Re1 Bg4 17. Qc1 Qh4 18. Bg5 Qh3 19. Re3 f6 20. Nf5 Bf3 21. Nxh6+ Bxh6 22. Rxf3 Qxf3 23. Bxh6 Rf7 24. Be3 Rh7 25. Qf1 Kg7 26. Qg2 Qh5 27. b4 Nd7 28. Bd1 Qh4 29. Bg4 Nb6 30. Bxb6 axb6 31. Nb5 Kh8 32. h3 Rf8 33. Qg3 f5 34. exf5 Qxg3+ 35. fxg3 gxf5 36. Rf1 f4 37. gxf4 exf4 38. Nd4 Rhf7 39. a3 f3 40. Ne6 Ra8 41. Rxf3 Rxf3 42. Bxf3 Rxa3 43. Bg2 Rc3 44. Bf1 c6 45. dxc6 bxc6 46. Nd4 d5 47. cxd5 cxd5 48. Ne6 1/2-1/2

[Event "Budapest-chT1 Lilienthal 1213"]
[Site "Budapest"]
[Date "2012.12.09"]
[Round "5"]
[White "Csetneki, Mark"]
[Black "Posa, Norbert"]
[Result "1/2-1/2"]
[WhiteElo "1835"]
[BlackElo "2119"]
[PlyCount "28"]
[EventDate "2012.09.30"]
[EventType "team-tourn"]
[EventRounds "11"]
[EventCountry "HUN"]
[SourceTitle "EXT 2019"]
[Source "ChessBase"]
[SourceDate "2018.10.10"]
[SourceVersion "1"]
[SourceVersionDate "2018.10.10"]
[SourceQuality "1"]
[WhiteTeam "Budapest Honved"]
[BlackTeam "Fabulon"]
[WhiteTeamCountry "HUN"]
[BlackTeamCountry "HUN"]

1. d4 d5 2. c4 c6 3. Nf3 Nf6 4. cxd5 cxd5 5. Nc3 Nc6 6. Bf4 Bf5 7. e3 e6 8. Bd3 Bxd3 9. Qxd3 Bd6 10. Bxd6 Qxd6 11. 0-0 0-0 12. a3 a6 13. Rac1 Rac8 14. b4 b5 1/2-1/2

[Event "Budapest FS11 FM-B"]
[Site "Budapest"]
[Date "2012.11.11"]
[Round "8"]
[White "Csetneki, Mark"]
[Black "Mayer, Istvan"]
[Result "1/2-1/2"]
[WhiteElo "1834"]
[BlackElo "2047"]
[PlyCount "24"]
[EventDate "2012.11.03"]
[EventType "tourn"]
[EventRounds "10"]
[EventCountry "HUN"]
[SourceTitle "CBM 151 Extra"]
[Source "ChessBase"]
[SourceDate "2012.12.18"]
[SourceVersion "1"]
[SourceVersionDate "2012.12.18"]
[SourceQuality "1"]

1. d4 d5 2. c4 dxc4 3. Nf3 Nf6 4. e3 c5 5. Bxc4 e6 6. 0-0 a6 7. a4 b6 8. dxc5 Bxc5 9. Nc3 Qxd1 10. Rxd1 Bb7 11. Nd4 Ke7 12. b3 Ne4 1/2-1/2

[Event "Budapest FS11 FM-B"]
[Site "Budapest"]
[Date "2012.11.06"]
[Round "3"]
[White "Mayer, Istvan"]
[Black "Csetneki, Mark"]
[Result "1-0"]
[WhiteElo "2047"]
[BlackElo "1834"]
[PlyCount "79"]
[EventDate "2012.11.03"]
[EventType "tourn"]
[EventRounds "10"]
[EventCountry "HUN"]
[SourceTitle "EXT 2013"]
[Source "ChessBase"]
[SourceDate "2012.11.22"]
[SourceVersion "1"]
[SourceVersionDate "2012.11.22"]
[SourceQuality "1"]

1. e4 e5 2. Nf3 Nc6 3. Bb5 g6 4. 0-0 Bg7 5. Nc3 Nge7 6. d3 d6 7. Bg5 h6 8. Be3 0-0 9. d4 Kh7 10. dxe5 dxe5 11. Bc5 Rh8 12. Bc4 Be6 13. Bxe6 fxe6 14. Qxd8 Rhxd8 15. Rad1 a6 16. Rxd8 Rxd8 17. Rd1 Rxd1+ 18. Nxd1 Nc8 19. Ne3 Nd6 20. Nd2 Kg8 21. f3 Kf7 22. c3 Bf8 23. a4 Nc8 24. Bxf8 Kxf8 25. Ng4 h5 26. Nf2 Nd6 27. Nd3 b6 28. Kf2 Kf7 29. Kg3 Kf6 30. Kh4 Nf7 31. b4 a5 32. b5 Ncd8 33. Nc4 Nb7 34. Ne3 Nbd8 35. g4 hxg4 36. Nxg4+ Kg7 37. Ngxe5 Nxe5 38. Nxe5 Kf6 39. Nd3 g5+ 40. Kg4 1-0

[Event "Budapest-chT1 Lilienthal 1213"]
[Site "Budapest"]
[Date "2012.09.30"]
[Round "1"]
[White "Csetneki, Mark"]
[Black "Dolanyi, Jozsef"]
[Result "1-0"]
[WhiteElo "1835"]
[BlackElo "1964"]
[PlyCount "23"]
[EventDate "2012.09.30"]
[EventType "team-tourn"]
[EventRounds "11"]
[EventCountry "HUN"]
[SourceTitle "EXT 2019"]
[Source "ChessBase"]
[SourceDate "2018.10.10"]
[SourceVersion "1"]
[SourceVersionDate "2018.10.10"]
[SourceQuality "1"]
[WhiteTeam "Budapest Honved"]
[BlackTeam "Budapest RAC"]
[WhiteTeamCountry "HUN"]
[BlackTeamCountry "HUN"]

1. d4 d5 2. c4 c6 3. cxd5 cxd5 4. Nf3 Nf6 5. Nc3 e6 6. Bf4 Be7 7. e3 0-0 8. Bd3 a6 9. 0-0 Nbd7 10. Rc1 Re8 11. Nb5 axb5 12. Bc7 1-0

[Event "Budapest FS07 FM-A"]
[Site "Budapest"]
[Date "2012.07.16"]
[Round "9"]
[White "Darazs, Zoltan"]
[Black "Csetneki, Mark"]
[Result "1-0"]
[WhiteElo "2177"]
[BlackElo "1803"]
[PlyCount "85"]
[EventDate "2012.07.07"]
[EventType "tourn"]
[EventRounds "9"]
[EventCountry "HUN"]
[SourceTitle "CBM 149 Extra"]
[Source "ChessBase"]
[SourceDate "2012.08.24"]
[SourceVersion "1"]
[SourceVersionDate "2012.08.24"]
[SourceQuality "1"]

1. e4 e5 2. Nf3 Nc6 3. Bb5 g6 4. d4 exd4 5. Nxd4 Bg7 6. Be3 Nge7 7. Nc3 0-0 8. 0-0 a6 9. Be2 d6 10. Qd2 Kh8 11. Nxc6 Nxc6 12. Bh6 Be6 13. Bxg7+ Kxg7 14. f4 f5 15. Bf3 Qd7 16. Rad1 Rad8 17. exf5 Bxf5 18. Nd5 Kg8 19. c4 Rde8 20. c5 Be4 21. Nc3 Bxf3 22. Rxf3 Qg7 23. cxd6 Rd8 24. Rd3 cxd6 25. Rxd6 Rxd6 26. Qxd6 Qf6 27. g3 Qxd6 28. Rxd6 Rd8 29. Rxd8+ Nxd8 30. Kf2 Kf7 31. Ke3 Ke6 32. Kd4 b6 33. Nd5 Kf5 34. Nxb6 Kg4 35. Ke4 Kh3 36. Nd7 h6 37. Ne5 g5 38. f5 Kxh2 39. g4 Kh3 40. f6 Kh4 41. f7 Ne6 42. Kf5 Nf8 43. Ng6+ 1-0

[Event "Budapest FS07 FM-A"]
[Site "Budapest"]
[Date "2012.07.11"]
[Round "5"]
[White "Csetneki, Mark"]
[Black "Hocevar, Nikola"]
[Result "1/2-1/2"]
[WhiteElo "1803"]
[BlackElo "2024"]
[PlyCount "52"]
[EventDate "2012.07.07"]
[EventType "tourn"]
[EventRounds "9"]
[EventCountry "HUN"]
[SourceTitle "CBM 149 Extra"]
[Source "ChessBase"]
[SourceDate "2012.08.24"]
[SourceVersion "1"]
[SourceVersionDate "2012.08.24"]
[SourceQuality "1"]

1. d4 d5 2. c4 c6 3. cxd5 cxd5 4. Nf3 Nc6 5. Nc3 Nf6 6. Bf4 e6 7. e3 Bd6 8. Bg3 Ne4 9. Bxd6 Nxc3 10. bxc3 Qxd6 11. Bd3 h6 12. Qb3 0-0 13. 0-0 b6 14. Qc2 Bb7 15. Rfc1 Rac8 16. Qe2 Ne7 17. a4 Nc6 18. Ba6 Bxa6 19. Qxa6 Rc7 20. Nd2 Rfc8 21. Qe2 Na5 22. Qd3 Nc4 23. Nb3 Rc6 24. a5 Nxa5 25. Nxa5 bxa5 26. Rxa5 Qb4 1/2-1/2

[Event "Budapest FS12 FM-B"]
[Site "Budapest"]
[Date "2011.12.06"]
[Round "4"]
[White "Jones, Peter"]
[Black "Csetneki, Mark"]
[Result "0-1"]
[WhiteElo "1377"]
[BlackElo "1679"]
[PlyCount "39"]
[EventDate "2011.12.03"]
[EventType "tourn"]
[EventRounds "11"]
[EventCountry "HUN"]
[SourceTitle "CBM 145 Extra"]
[Source "ChessBase"]
[SourceDate "2012.01.03"]
[SourceVersion "1"]
[SourceVersionDate "2012.01.03"]
[SourceQuality "1"]

1. d4 d5 2. Bf4 Nf6 3. Nf3 Bf5 4. e3 e6 5. Nh4 Bg6 6. Nxg6 hxg6 7. Nd2 Bd6 8. Bxd6 Qxd6 9. c4 c6 10. cxd5 cxd5 11. Bb5+ Nc6 12. a3 Rxh2 13. Rxh2 Qxh2 14. Bxc6+ bxc6 15. g3 Ne4 16. Qe2 Nxd2 17. Kxd2 Rb8 18. b4 a5 19. Rb1 Qh5 20. Qa6 0-1